01239nam a2200253 i 450000100060000000300090000600500170001500700030003200800410003502000180007608000210009410000360011524500530015125000120020426000330021630000220024958600450027159404110031661000300072765100670075785200220082499900170084695201220086389055ES-MaACL20250802063110.0t|050126s2004 sp ||||1| spa d a84-8433-874-6 a821.134.2-31"19"1 aTorres, Rafael, d1955-917604314aLos náufragos del Stanbrook / cRafael Torres. a1ª ed. aSevilla : bAlgaida, c2004. a250 p. ; c24 cm. aXXXVI Premio de novela Ateneo de Sevilla a28 de marzo de 1939 las operaciones bélicas finalizan en España, con la victoria del ejército rebelde de Franco. Miles de personas aguardan los barcos prometidos... pasan los días, y sólo el Stanbrook, un viejo carbonero inglés, comandado por el capitán Dickson, acude en auxilio de los vencidos, burlando el bloqueo de la escuadra franquista, los submarinos de Mussolini y la aviación nazi24aStanbrook (Barco)9174164 4aEspaña-xHistoria-y1936-1939, Guerra civil-vNovelas.983104 aES-MaACLjL-28686 c89055d89055 00104070aATENEOMbATENEOMcDEPO2d2008-01-17eSCl0oL-28686p1093010r2023-02-23 00:00:00w2023-02-23yMONOGRAFIA